• 首页
  • 本馆介绍
  • 公告通知
  • 最新文献
  • 馆藏检索
  • 电子资源
  • 读者导购
  • 参考咨询
  • 我的图书馆
  • 登录
  • 详细信息显示
  • 放入我的书架
  • 预约/预借图书
  • 作者相关作品
  • 分类相关作品
  • 丛书相关作品
  • 出版社相关作品

书目信息

  • 表格格式
  • 工作单格式
  • 卡片格式
题名:
比较诗学与跨界立场
    
 
作者: 杨乃乔 著
分册:  
出版信息: 上海   复旦大学出版社  2011.02
页数: 314页
开本: 23cm
丛书名: 当代中国比较文学研究文库
单 册:
中图分类: I106.2
科图分类:
主题词: 比较诗学--中国--西方国家 , 比较诗学
电子资源:
ISBN: 978-7-309-07801-5
000 00972oam2 2200277 45
001 512
005 20120601082952.96
010    @a978-7-309-07801-5@dCNY40.00
100    @a20120328d2011 em y0chiy50 ea
101 0  @achi
102    @aCN@b310000
105    @ay z 000yy
106    @ar
200 1  @a比较诗学与跨界立场@ABi Jiao Shi Xue Yu Kua Jie Li Chang@dComparative poetics and cross-border positions@f杨乃乔著@FYang Nai Qiao Zhu@zeng
210    @a上海@c复旦大学出版社@d2011.02
215    @a314页@d23cm
225 2  @a当代中国比较文学研究文库
330    @a本书分比较诗学与学科理论思考、跨界立场与中西诗学思想、比较视域与中西艺术思潮三部分。
461  0 @12001 @a当代中国比较文学研究文库
510 1  @aComparative poetics and cross-border positions@zeng
606 0  @a比较诗学@y中国@x西方国家
606 0  @a比较诗学
690    @aI106.2@v4
701  0 @a杨乃乔@AYang Nai Qiao@f(1955~)@4著
801  0 @aCN@bTSTCL@c20120328
905    @b0814336-42@dI106.2@e216@f7
    
    比较诗学与跨界立场=Comparative poetics and cross-border positions/杨乃乔著.-上海:复旦大学出版社,2011.02
    314页;23cm.-(当代中国比较文学研究文库)
    
    
    ISBN 978-7-309-07801-5:CNY40.00
    本书分比较诗学与学科理论思考、跨界立场与中西诗学思想、比较视域与中西艺术思潮三部分。
●
相关链接 在E读中查询图书 在五车中查询图书 在当当中查询图书 在豆瓣中查询图书


正题名:比较诗学与跨界立场     索取号:I106.2/216         预约/预借

序号 登录号 条形码 馆藏地/架位号 状态 备注
1 0814336   208143365   第一样本阅览室/ [索取号:I106.2/216] 在馆    
2 0814337   208143374   第二借阅区/ [索取号:I106.2/216] 在馆    
3 0814338   208143383   第二借阅区/ [索取号:I106.2/216] 在馆    
4 0814339   208143392   第二借阅区/ [索取号:I106.2/216] 在馆    
5 0814340   208143409   第二借阅区/ [索取号:I106.2/216] 在馆    
6 0814341   208143418   第二借阅区/ [索取号:I106.2/216] 在馆    
7 0814342   208143427   第二借阅区/ [索取号:I106.2/216] 在馆    
唐山师范学院图书馆 欢迎您!
大连网信软件有限公司© 版权所有